000 00469nam a2200193 i 4500
001 bgj
100 1 _aSCHAEFER, Jack
_d(1907- ).
245 1 0 _aShane /
_cby Jack Schaefer.
250 _a65th printing.
260 _aToronto :
_bBantam Books,
_c1983.
300 _a119 pp ;
_c18 cm.
650 9 _aWestern stories
020 _a0553271105
040 _cBPK
041 0 _aeng
920 _a0-553-27110-5
942 _cKS
008 s uk f |000 0 eng
999 _c48343
_d48343
856 _uhttp://koha.tu.koszalin.pl/cgi-bin/koha/opac-detail.pl?biblionumber=48343
_yKatalog online BPK